Fr. Conceicao Rodrigues College of Engineering

Numerical Analysis (Record no. 20760)

MARC details
000 -LEADER
fixed length control field 00318nam a2200145Ia 4500
082 ## - DEWEY DECIMAL CLASSIFICATION NUMBER
Classification number 519.4
Item number GHI
100 ## - MAIN ENTRY--PERSONAL NAME
Personal name Ghildyal/C.D/ Balkrishna/S
245 ## - TITLE STATEMENT
Title Numerical Analysis
260 ## - PUBLICATION, DISTRIBUTION, ETC.
Name of publisher, distributor, etc. Macmillan India Ltd.
Place of publication, distribution, etc. Delhi
Date of publication, distribution, etc. 1985
300 ## - PHYSICAL DESCRIPTION
Extent 144
490 ## - SERIES STATEMENT
Volume/sequential designation 1
546 ## - LANGUAGE NOTE
Language note ENGLISH
654 ## - SUBJECT ADDED ENTRY--FACETED TOPICAL TERMS
Focus term numerical
942 ## - ADDED ENTRY ELEMENTS (KOHA)
Koha item type BOOK
Holdings
Withdrawn status Lost status Damaged status Not for loan Collection Home library Current library Shelving location Date acquired Cost, normal purchase price Total Checkouts Full call number Barcode Date last seen Cost, replacement price Price effective from Koha item type
        CRC Fr. Agnel's C.Rodrigues College of Engineering Fr. Agnel's C.Rodrigues College of Engineering   17/03/2023 40.00   519.4 GHI 803 17/03/2023 40.00 17/03/2023 BOOK
        CRC Fr. Agnel's C.Rodrigues College of Engineering Fr. Agnel's C.Rodrigues College of Engineering   17/03/2023 40.00   519.4 GHI 804 17/03/2023 40.00 17/03/2023 BOOK